01827cam a22004097a 4500003000500000005001700005008004100022010001000063011001000073035001000083040000900093090001000102100003500112245023600147260004100383300003200424502010200456590003700558590004100595590004100636590004100677590004100718590004100759590004200800650004200842650003100884650002900915700003800944901000700982905002400989942000901013949006201022949004901084999001701133952014001150952012701290CHAP20220329142559.0020129d2001 mx r 00110 spa d a85241 a86213 a96751 cCHAP aTesis00aAguilar Garcia, Araceli.9270714aLos mercados de futuros como instrumento para la comercialización de sorgo en algunas organizaciones de productores del estado de Guanajuato durante el periodo 2000-2001c/por Araceli Aguilar García e Ignacio Arellanos Valdivia aChapingo, Méx. :bEl autor,c2001. a94 h. ;bgráfs. ; cuadros aTesis (Lic. en Economía Agrícola) -- UACH. División de Ciencias Económico-Administrativas aALEPHb10c20130110lUCH01h1445 aBATCH-UPDb10c20130110lUCH01h0359 aBATCH-UPDb10c20130110lUCH01h1943 aBATCH-UPDb10c20130410lUCH01h0032 aBATCH-UPDb10c20130410lUCH01h1506 aBATCH-UPDb10c20130914lUCH01h0354 aCONVERSIONb10c20130109lUCH01h134714aSorgoxAspectos económicos.910862914aSorgoxGuanajuato.910867714aSorgoxMercadeo.910869500aArellanos Valdivia, Ignacio96937 aBK aMayto Villalobos S. cFOLL aTesisbBCcTESd33724000859005eTS2fc.2h39080i96751si aTesisbBCcTESd967511eTS1h39079i96751sb c85241d85241 00102local4053708TESISaBCbBCcPA_TESISd2019-12-31fTESISl0oTesisp33724000859005r2019-12-31 00:00:00tc.2w2019-12-31yTESIS 00102local4051708TESISaBCbBCcPA_TESISd2019-12-31fTESISl0oTesisp967511r2019-12-31 00:00:00w2019-12-31yTESIS